000 00350nam a2200133Ia 4500
005 20260326235458.0
008 260326s9999||||xx |||||||||||||| ||und||
100 _aParicio, Ignacio
245 0 _aLa Construcción de la Arquitectura :
_b Los Elementos /
_cIgnacio Paricio
260 _bITEC
300 _a136 p.
650 _aCONSTRUCCIÓN
942 _cBK
999 _c7988
_d7988